000 00604nam a22001817a 4500
005 20251108172952.0
008 250721s2004 xx 000 0 ara d
082 1 4 _a956.3/بسا
100 1 _aالبسام، خالد
245 1 0 _aثرثرة فوق دجلة حكايات التبشير المسيحي في العراق 1900 - 1935 م /
264 1 _aبيروت :
_bالمؤسسة العربية للدراسات و النشر،
_c2004.
300 _a220 ص.
650 1 7 _aتاريخ العراق
650 1 7 _aالتبشير
650 1 7 _aالمسيحية
942 _2ddc
_cBK
999 _c93013
_d93013